La sombra inquieta

Guardat en:
Dades bibliogràfiques
Autors principals: Alone (Autor), Díaz Arrieta, Hernán (Autor)
Format: Llibre
Idioma:espanyol
Publicat: Santiago Imprenta Universitaria 1916
Edició:2a. ed
Matèries:
Etiquetes: Afegir etiqueta
Sense etiquetes, Sigues el primer a etiquetar aquest registre!

MARC

LEADER 00000nam a2200000 a 4500
001 UCU4464
003 CL-VaPUC
008 960524e19160000CL |||||||||||||||||spa|d
082 0 4 |a Ch863  |b ALO  |2 21 
100 0 |a Alone  |e author  |9 346606 
700 0 |a Díaz Arrieta, Hernán  |e author  |9 353443 
245 1 3 |a La sombra inquieta 
246 1 0 |a Fragmentos del diario íntimo de Alone  
250 |a 2a. ed 
300 |a 245 p 
942 |c BK 
945 |d 19960524 00:00:00  |a rbrito 
260 |a Santiago  |b Imprenta Universitaria  |c 1916 
600 0 7 |a PREMIO NACIONAL DE LITERATURA 1959  |2 CL-VaPUC  |9 362029 
650 0 |a Novelas chilenas   |9 265425 
650 0 |a Autobiografías   |9 265171 
583 |a last modification  |c 19960524 00:00:00  |k Rodrigo Vera 
999 |c 248165  |d 248163 
952 |0 0  |1 0  |4 0  |6 CH_863_000000000000000_ALO_1916  |7 0  |8 A  |9 264608  |a BIBEDU  |b BIBEDU  |d 2019-11-19  |i 3202879  |o Ch863 ALO 1916  |p 3202879  |r 2019-11-19  |w 2019-11-19  |y BK  |k LIT 
952 |0 0  |1 0  |4 0  |6 CH_863_000000000000000_ALO_1916  |7 0  |8 X  |9 264609  |a FDOBUD  |b FDOBUD  |d 2019-11-19  |i 103460K  |o Ch863 ALO 1916  |p 103460K  |r 2019-11-19  |w 2019-11-19  |y BK_X  |k BUD